00289nam a2200097Ia 4500008004100000100002000041245006300061260004300124300000800167650001600175191201s2004 xx 000 0 und d aTILLAR Shugg, W 0aHandbook of Electrical and Electronic Insulating Materials aN.DelhibJaico Publication Housec2004 a598 aB.Tech(ECE)